Úloha účtovných výkazov v informačnom systéme podniku

Definícia a význam informačného systému podniku. Účtovné výkazy ako zdroj informácií pre riadenie. Štátne, vnútropodnikové a podnikové účtovné výkazy a požiadavky, ktoré musia spĺňať. Spôsob zostavovania účtovnej uzávierky.

Salvato in:
Dettagli Bibliografici
Autore principale: Šlosárová, Anna
Natura: Capitolo di libro
Lingua:slovacco
Soggetti:
Tags: Aggiungi Tag
Nessun Tag, puoi essere il primo ad aggiungerne!!

MARC

LEADER 00000naa a2200000 4500
001 r003176
005 20220819173152.3
041 0 |a slo 
044 |a CZ 
245 1 0 |a Úloha účtovných výkazov v informačnom systéme podniku  |c Anna Šlosárová 
520 |a Definícia a význam informačného systému podniku. Účtovné výkazy ako zdroj informácií pre riadenie. Štátne, vnútropodnikové a podnikové účtovné výkazy a požiadavky, ktoré musia spĺňať. Spôsob zostavovania účtovnej uzávierky. 
610 2 0 |a výkazy účtovné 
610 2 0 |a uzávierka účtovná 
610 2 0 |a systémy informačné podnikové 
610 2 0 |a riadenie podnikové 
610 2 0 |a účtovníctvo vnútropodnikové 
610 2 0 |a účtovníctvo 
100 1 |a Šlosárová, Anna